000 00646nam a2200229 a 4500
008
020 _a0844223689 (pbk. )
049 _aMAIN
090 _aQD251.2 WOL
100 1 _aWolfe, Drew H.
245 1 0 _aTest yourself organic chemistry /
_cDrew H. Wolfe.
260 _aLincolnwood :
_bNTC Learning Works,
_c1996.
300 _avii., 238 p. :
_bill. ;
_c30 cm.
440 _aA Test yourself books.
650 1 _aChemistry.
650 _aOrganic chemisty.
907 _a.b10247518
_b15-06-07
_c11-06-07
003
005 20230123134456.0
040 _cNUST
942 _cBOOKS
_kQD251.2 WOL
999 _c166587
_d166587